Statistieken voor Top 15 Covid-19 getroffen landen - 13 april 2022

Klik hier om de quiz te nemen!

Algemene statistieken

  • Deze quiz is 6 keer genomen
  • De gemiddelde score is 15 van 29

Antwoordstatistieken

land% Correct
België
100%
Brazilië
100%
Duitsland
100%
Frankrijk
100%
India
100%
Italië
100%
Nederland
100%
Nederland
100%
Rusland
100%
Verenigde Staten
100%
Argentinië
75%
Spanje
75%
Vietnam
75%
Zuid-Korea
75%
Portugal
50%
Verenigd Koninkrijk
50%
Denemarken
25%
Iran
25%
Turkije
25%
Zwitserland
25%
Cyprus
0%
Estland
0%
Georgië
0%
Israël
0%
Letland
0%
Litouwen
0%
Oostenrijk
0%
Slovenië
0%
Tsjechië
0%

Scoreverdeling

Percentiel versus Aantal Correcte Antwoorden

Procent van Mensen met Elke Score

Uw Scoregeschiedenis

U heeft deze quiz nog niet genomen